| 000 | 00536 a2200181 4500 | ||
|---|---|---|---|
| 999 |
_c329673 _d329673 |
||
| 003 | Nust | ||
| 005 | 20170616091228.0 | ||
| 008 | 170517b xxu||||| |||| 00| 0 eng d | ||
| 020 | _a969351131x | ||
| 040 | _cNust | ||
| 082 |
_a891.439 _bBUT |
||
| 100 |
_aButt , Mohammad Younas _9991 |
||
| 245 |
_a Aks Bar Aks _c Dr. Mohammad Younas Butt |
||
| 260 |
_bLahore _cSange Meel _a2005 |
||
| 300 | _a247p. | ||
| 650 |
_aUrdu Literature _9347 |
||
| 880 |
_aعکس برعکس _6245-02\(3\r _cڈاکٹر محمد یونس بٹ |
||
| 880 |
_aڈاکٹر محمد یونس بٹ _6100-02\(3\r |
||
| 880 |
_aلاہور: _6260-03\(3\r _bسنگ میل پبلی کیشنز، _c2005 |
||
| 942 |
_2ddc _cBK |
||